000 00386nam a22001217a 4500
999 _c13590
_d13590
082 _a954.91
100 _aپروفیسر ڈاکٹر ایم اے صوفی
245 _aمادر ملّت محترمہ فاطمہ جننہ حیات و افکار
260 _aلاہور
_bعلم و عرفان پبلشرز
_c٢٠٠٣
300 _a٣٦٠ صفحات
650 _aFatima Jinnah
942 _cBK